Yosef ṿe-eḥaṿ / (Record no. 32112)
[ view plain ]
| 000 -LEADER | |
|---|---|
| fixed length control field | 00814cam a22002531 4500 |
| 001 - CONTROL NUMBER | |
| control field | he 67000203 |
| 003 - CONTROL NUMBER IDENTIFIER | |
| control field | DLC |
| 005 - DATE AND TIME OF LATEST TRANSACTION | |
| control field | 20260227111443.0 |
| 008 - FIXED-LENGTH DATA ELEMENTS--GENERAL INFORMATION | |
| fixed length control field | 840326s1957 is 000 0 heb |
| 010 ## - LIBRARY OF CONGRESS CONTROL NUMBER | |
| LC control number | he 67000203 |
| 035 ## - SYSTEM CONTROL NUMBER | |
| System control number | (OCoLC)19156487 |
| 040 ## - CATALOGING SOURCE | |
| Original cataloging agency | DLC |
| Transcribing agency | MH |
| Modifying agency | DLC |
| 042 ## - AUTHENTICATION CODE | |
| Authentication code | premarc |
| 050 00 - LIBRARY OF CONGRESS CALL NUMBER | |
| Classification number | PT2625.A44 |
| Item number | J715 |
| 100 1# - MAIN ENTRY--PERSONAL NAME | |
| Personal name | Mann, Thomas, |
| Dates associated with a name | 1875-1955. |
| 245 10 - TITLE STATEMENT | |
| Title | Yosef ṿe-eḥaṿ / |
| Statement of responsibility, etc. | ʻIvrit: Mordekhai Avi-Shaʼul : tsiyurim: Sheraga Ṿayil. |
| 260 ## - PUBLICATION, DISTRIBUTION, ETC. | |
| Place of publication, distribution, etc. | Merḥavyah : |
| Name of publisher, distributor, etc. | Sifriyat-poʻalim, |
| Date of publication, distribution, etc. | [1957-1972] |
| 300 ## - PHYSICAL DESCRIPTION | |
| Extent | 4 v. in 3 : |
| Other physical details | ill., mounted port. ; |
| Dimensions | 25 cm. |
| 440 #0 - SERIES STATEMENT/ADDED ENTRY--TITLE | |
| Title | Sifre mofet |
| 500 ## - GENERAL NOTE | |
| General note | Added title page: Joseph und Seine Brüder. |
| 600 00 - SUBJECT ADDED ENTRY--PERSONAL NAME | |
| Personal name | Joseph, |
| Titles and other words associated with a name | Son of Jacob |
| General subdivision | Fiction |
| 700 2# - ADDED ENTRY--PERSONAL NAME | |
| Personal name | Avi-Shaul, Mordechai, |
| Dates associated with a name | 1898-1988, |
| Relator term | tr. |
| 752 ## - ADDED ENTRY--HIERARCHICAL PLACE NAME | |
| Country or larger entity | Israel |
| City | Merḥavyah |
No items available.